000 00988cam a2200373 4500500
005 20260405001643.0
041 _afre
042 _adc
100 1 0 _aLegros, Martin
_eauthor
245 0 0 _aMatière à penser/ Décembre 2013-Janvier 2014
260 _c2013.
500 _a48
690 _aAnglais
690 _aAthéisme
690 _aÉconomie
690 _aExoplanètes
690 _aGenre
690 _aHeuristique
690 _aHommes-Femmes
690 _aInégalité
690 _aLangue
690 _aMichel Serres
690 _aMind Map
690 _aMonument
690 _aMur de Berlin
690 _aPrix Nobel
690 _aReligion
690 _aRichard Dawkins
690 _aRobert J. Shiller
690 _aShiller
690 _aTony Buzan
786 0 _nPhilosophie magazine | 75 | 12 | 2013-12-01 | p. 9-9 | 1951-1787
856 4 1 _uhttps://shs.cairn.info/magazine-philosophie-magazine-2013-12-page-9?lang=fr&redirect-ssocas=7080
999 _c2049726
_d2049726